LEADER 02898nam 2200709 450 001 9910463551703321 005 20210428234248.0 010 $a0-674-18663-X 024 7 $a10.4159/harvard.9780674186637 035 $a(CKB)3390000000059465 035 $a(SSID)ssj0001122941 035 $a(PQKBManifestationID)11650776 035 $a(PQKBTitleCode)TC0001122941 035 $a(PQKBWorkID)11070698 035 $a(PQKB)10040410 035 $a(MiAaPQ)EBC3046377 035 $a(DE-B1597)250018 035 $a(OCoLC)1013937990 035 $a(OCoLC)1029812916 035 $a(OCoLC)1032687296 035 $a(OCoLC)1037978018 035 $a(OCoLC)1041998154 035 $a(OCoLC)1046611416 035 $a(OCoLC)1047028383 035 $a(OCoLC)1049632970 035 $a(OCoLC)1054868230 035 $a(OCoLC)979910089 035 $a(DE-B1597)9780674186637 035 $a(Au-PeEL)EBL3046377 035 $a(CaPaEBR)ebr10970817 035 $a(OCoLC)900567214 035 $a(EXLCZ)993390000000059465 100 $a20150216h19571957 uy 0 101 0 $aeng 135 $aurcnu|||||||| 181 $ctxt 182 $cc 183 $acr 200 10$aLeninism /$fAlfred G. Meyer 205 $aReprint 2014 210 1$aCambridge, Massachusetts :$cHarvard University Press,$d1957. 210 2$aLondon, [England] :$cOxford University Press,$d[date of distribution not identified] 210 4$d©1957 215 $a1 online resource (336 pages) 225 1 $aRussian Research Center Studies ;$v26 300 $aBibliographic Level Mode of Issuance: Monograph 311 $a0-674-18160-3 320 $aIncludes bibliographical references and index. 327 $tFront matter --$tPreface --$tContents --$tIntroduction --$tPART ONE. The Party --$tChapter 1. Class Consciousness --$tChapter 2. The Party and the Masses --$tChapter 3. Democracy --$tChapter 4. The "Operational Code" --$tChapter 5. Democratic Centralism --$tPART TWO. The Russian Revolution --$tChapter 6. The Task of the Proletariat and Its Auxiliary Forces --$tChapter 7. Nationalism --$tChapter 8. Eight Months of Revolution --$tPART THREE. Leninism in Power --$tChapter 9. The Leninist State in Theory and in Practice --$tChapter 10. Socialism in One Country --$tPART FOUR. The New Image of Capitalist Society --$tChapter 11. The Theory of Imperialism --$tChapter 12. The Dialectics of Backwardness --$tChapter 13. Leninism after Lenin --$tBibliography Notes Index --$tBibliography --$tNotes --$tIndex 410 0$aRussian Research Center studies ;$v26. 606 $aCommunism$zSoviet Union 608 $aElectronic books. 615 0$aCommunism 676 $a335.441 700 $aMeyer$b Alfred G.$0352810 801 0$bMiAaPQ 801 1$bMiAaPQ 801 2$bMiAaPQ 906 $aBOOK 912 $a9910463551703321 996 $aLeninism$945842 997 $aUNINA LEADER 01029nam a2200253 i 4500 001 991002019559707536 005 20020508185123.0 008 940426s1963 sz ||| | ger 035 $ab10947255-39ule_inst 035 $aPARLA153024$9ExL 040 $aDip.to Scienze dell'Antichità$bita 100 1 $aPouilloux, Jean$0163159 245 10$aArchiloque /$csept exposés et discussion par J. Pouilloux ...[et al.] 260 $aGenève :$bFondation Hardt,$c1963 300 $a307 p. ;$c23 cm 490 0 $aEntretiens sur l'antiquité classique ;$v10. 600 04$aArchiloco 907 $a.b10947255$b23-02-17$c28-06-02 912 $a991002019559707536 945 $aLE007 880.1 Archilochus POU 01.501$g1$i2015000107350$lle007$o-$pE0.00$q-$rl$s- $t0$u0$v0$w0$x0$y.i11054566$z28-06-02 945 $aLE007 880.1 Archilochus POU 01.501 $g2$i2007000174340$lle007$o-$pE0.00$q-$rl$s- $t0$u0$v0$w0$x0$y.i14939691$z09-03-09 996 $aArchiloque$9919317 997 $aUNISALENTO 998 $ale007$b01-01-94$cm$da $e-$fger$gsz $h0$i1